Király Zoltán
Elmentve itt :
| Szerzők: | |
|---|---|
| Dokumentumtípus: | Cikk |
| Megjelent: |
1994-02-17
|
| Sorozat: | Délmagyarország
84 No. 40 |
| Kulcsszavak: | Király Zoltán |
| Online Access: | http://dmarchiv.bibl.u-szeged.hu/95810 |
| LEADER | 00470nab a2200169 i 4500 | ||
|---|---|---|---|
| 001 | delm95810 | ||
| 005 | 20191010102122.0 | ||
| 008 | 191010s1994 hu o 0|| hun d | ||
| 040 | |a SZTE Délmagyarország Archívum |b hun | ||
| 041 | |a hun | ||
| 100 | 1 | |a Zöldi László | |
| 245 | 1 | 0 | |a Király Zoltán |h [elektronikus dokumentum] / |c Zöldi László |
| 260 | |c 1994-02-17 | ||
| 300 | |a 5 | ||
| 490 | 0 | |a Délmagyarország |v 84 No. 40 | |
| 695 | |a Király Zoltán | ||
| 700 | 0 | 1 | |a Tandi Lajos |e aut |